A guide to the geological galleries of the Indian Museum, Calcutta. (Record no. 71850)

MARC details
000 -LEADER
fixed length control field 00603nam a22002171 4500
001 - CONTROL NUMBER
control field sa 67000246
003 - CONTROL NUMBER IDENTIFIER
control field DLC
005 - DATE AND TIME OF LATEST TRANSACTION
control field 20260227112313.0
008 - FIXED-LENGTH DATA ELEMENTS--GENERAL INFORMATION
fixed length control field 850322s1963 ii a 00010 eng
010 ## - LIBRARY OF CONGRESS CONTROL NUMBER
LC control number sa 67000246 //r85
020 ## - INTERNATIONAL STANDARD BOOK NUMBER
Terms of availability Rs1.85.
025 ## - OVERSEAS ACQUISITION NUMBER
Overseas acquisition number PL480:I-E-6947
040 ## - CATALOGING SOURCE
Original cataloging agency DLC/ICU
Transcribing agency ICU
043 ## - GEOGRAPHIC AREA CODE
Geographic area code a-ii---
050 0# - LIBRARY OF CONGRESS CALL NUMBER
Classification number QE51
Item number .I5
110 20 - MAIN ENTRY--CORPORATE NAME
Corporate name or jurisdiction name as entry element Indian Museum.
245 12 - TITLE STATEMENT
Title A guide to the geological galleries of the Indian Museum, Calcutta.
260 0# - PUBLICATION, DISTRIBUTION, ETC.
Place of publication, distribution, etc. Calcutta,
Name of publisher, distributor, etc. Board of Trustees, Indian Museum
Date of publication, distribution, etc. [1963]
300 ## - PHYSICAL DESCRIPTION
Extent 48 p.
Other physical details illus.
Dimensions 22 cm.
650 #0 - SUBJECT ADDED ENTRY--TOPICAL TERM
Topical term or geographic name entry element Geological museums.

No items available.

Powered by Koha